| 000 | 00879cam a22003017a 4500 | ||
|---|---|---|---|
| 003 | CHAP | ||
| 005 | 20220329133257.0 | ||
| 008 | 971013s1991 r 00010 d | ||
| 010 | _a4191 | ||
| 011 | _a5163 | ||
| 035 | _a4369 | ||
| 040 | _cCHAP | ||
| 090 | _aFolleto 13570 | ||
| 100 | 0 | 0 |
_aCaraballo, Luisa. _918760 |
| 245 | 1 | 3 | _aEl cultivo del ajonjolĂ en el estado Anzoategui |
| 260 |
_aMaracay : _bFONAIAP, _c1991 |
||
| 300 | _ahoja desplegable | ||
| 500 | _aD53-24 | ||
| 590 |
_aBATCH-UPD _b10 _c20130110 _lUCH01 _h2115 |
||
| 590 |
_aBATCH-UPD _b10 _c20130410 _lUCH01 _h1426 |
||
| 590 |
_aBATCH-UPD _b10 _c20130913 _lUCH01 _h2332 |
||
| 590 |
_aCONVERSION _b10 _c20130109 _lUCH01 _h1303 |
||
| 650 | 1 | 4 |
_aAjonjolĂ _xMejoramiento. _93243 |
| 650 | 1 | 4 |
_aAjonjolĂ _xVenezuela. _93258 |
| 901 | _aBK | ||
| 942 | _cFOLL | ||
| 949 |
_aFolleto 13570 _bBC _cFOLL _d-13907 _eTS1 _i4369 _mD _si |
||
| 999 |
_c4191 _d4191 |
||